| 000 | 00652nmm a2200205Ia 4500 | ||
|---|---|---|---|
| 008 | 251105s9999||||xx |||||||||||||||||und|| | ||
| 020 | _a9788436955880 | ||
| 041 | _aspa | ||
| 100 | _aCalleja López, José Antonio | ||
| 245 | 0 | _aFotografía digital | |
| 264 |
_a[Madrid, España] : _bMinisterio de Educación, Cultura y Deporte de España, _c2014 |
||
| 300 | _a263 páginas | ||
| 490 | _aAula Mentor | ||
| 650 | _aMedia Studies (Journ., TV, etc) | ||
| 700 | _aCalleja López, José Antonio | ||
| 700 | 1 | _a Durante Molina, José Luis | |
| 700 | 1 | _a Trabadela, Javier | |
| 856 | _uhttps://public.digitaliapublishing.com/a/39819 | ||
| 942 | _cCF | ||
| 999 |
_c63332 _d63332 |
||